PRACTICAL PHARMACEUTICAL CHEMISTRY (Record no. 5988)

MARC details
000 -LEADER
fixed length control field 00457nam a22001697a 4500
005 - DATE AND TIME OF LATEST TRANSACTION
control field 20230117105045.0
008 - FIXED-LENGTH DATA ELEMENTS--GENERAL INFORMATION
fixed length control field 190911b xxu||||| |||| 00| 0 eng d
020 ## - INTERNATIONAL STANDARD BOOK NUMBER
ISBN 978-93-85529-16-0
041 ## - LANGUAGE CODE
Language code of text/sound track or separate title eng
082 ## - DEWEY DECIMAL CLASSIFICATION NUMBER
Classification number 615.19
Item number SING-P
100 ## - MAIN ENTRY--AUTHOR NAME
Personal name SINGH, HARKISHAN AND KAPOOR, V.K.
245 ## - TITLE STATEMENT
Title PRACTICAL PHARMACEUTICAL CHEMISTRY
260 ## - PUBLICATION, DISTRIBUTION, ETC. (IMPRINT)
Place of publication DELHI
Name of publisher VALLABH PRAKASHAN
Year of publication 1994
300 ## - PHYSICAL DESCRIPTION
Number of Pages 208p,
650 ## - SUBJECT ADDED ENTRY--TOPICAL TERM
Topical Term PHARMACY
General subdivision B.PHARMA
942 ## - ADDED ENTRY ELEMENTS (KOHA)
Koha item type Books
Holdings
Lost status Damaged status Collection code Home library Current library Shelving location Date acquired Source of acquisition Cost, normal purchase price Full call number Accession Number Koha item type
    PHARMACY JRU Library JRU Library Shelf - 27- H 11/09/2019 PURCHESS 158.00 615.19 SING-P 23520 Books
    PHARMACY JRU Library JRU Library Shelf - 27- H 11/09/2019 PURCHESS 158.00 615.19 SING-P 23521 Books
    PHARMACY JRU Library JRU Library Shelf - 27- H 11/09/2019 PURCHESS 158.00 615.19 SING-P 23522 Books
    PHARMACY JRU Library JRU Library SHELF-4-B 11/09/2019 PURCHESS 158.00 615.19 SING-P 23523 Books
    PHARMACY JRU Library JRU Library Shelf - 27- H 15/02/2022 PURCHASE 170.00 615.19 26471 Books
    PHARMACY JRU Library JRU Library Shelf - 27- H 15/02/2022 PURCHASE 170.00 615.19 26472 Books